000 00616nam a22001817a 4500
003 OSt
008 260605b |||||||| |||| 00| 0 eng d
020 _a9781394183883
082 _a631.5233
_bU65A
245 _aApplications of Genome Engineering in Plants/
_bedited by Santosh Kumar Upadhyay
260 _aDelhi:
_bSatish Serial Publishing House,
_c2024
300 _axx, 425 p.
650 _aAgriculture and related technologies
650 _aCultivation and harvesting / Crop production
650 _aGene manipulation / Genome engineering in plants
700 _aUpadhyay, Santosh Kumar
942 _2ddc
_cBK
999 _c51547
_d51547